[Event "65 Otwarte Mistrzostwa Woj. Kujawsko-Pomorskiego - Grupa A (Fide od 1700)"]
[Site "Szubin, ul. Kcynska 13 (Szubinski Dom Kultury)"]
[Date "2012-08-15"]
[Round "1.1"]
[White "Szybowicz, Piotr"]
[Black "Khamitskiy, Sergei"]
[Result "0-1"]
[WhiteTitle "I"]
[BlackTitle "IM"]
[WhiteElo "1925"]
[BlackElo "2273"]

1. e4 e6 2. d4 d5 3. Nc3 Bb4 4. e5 c5 5. a3 Bxc3+ 6. bxc3 Qc7 7. Nf3 Ne7 8. Bd3
b6 9. O-O h6 10. Ne1 Ba6 11. f4 Bxd3 12. Qxd3 cxd4 13. cxd4 Nbc6 14. Nf3 Rc8 15.
Bd2 Nb8 16. Rac1 Qc4 17. g4 Qxd3 18. cxd3 Kd7 19. Bb4 Nbc6 20. Bxe7 Nxe7 21. Kf2
Rxc1 22. Rxc1 Rc8 23. Rxc8 Kxc8 24. h4 Kd7 25. h5 b5 26. Ke3 a5 27. Kd2 Nc6 28.
Kc3 Ke8 29. Nd2 g6 30. Nf3 gxh5 31. gxh5 Ne7 32. Nd2 Nf5 33. Nb3 b4+ 34. axb4
axb4+ 35. Kxb4 Ng3 36. Kc5 Nxh5 37. f5 Kd7 38. Kb6 Ng3 39. f6 h5 40. Nd2 h4 41.
Nf3 h3 42. Nh2 Ne2 43. Kc5 Nf4 44. Kb4 Nxd3+ 45. Kc3 Nf2 46. Kd2 Kc6 47. Ke2 Ne4
48. Ke3 Kb5 49. Kd3 Kb4 50. Ng4 Kb3 51. Nh2 Kb2 52. Ng4 Kb3 53. Nh2 Ng5 54. Ke3
Kc3 55. Kf4 Ne4 56. Ke3 Ng3 57. Kf2 Nf5 58. Nf3 Kd3 59. Ng5 Nh6 60. Nf3 Ke4 0-1

[Event "65 Otwarte Mistrzostwa Woj. Kujawsko-Pomorskiego - Grupa A (Fide od 1700)"]
[Site "Szubin, ul. Kcynska 13 (Szubinski Dom Kultury)"]
[Date "2012-08-15"]
[Round "1.2"]
[White "Jaroch, Pawel"]
[Black "Konieczynski, Piotr"]
[Result "1-0"]
[WhiteTitle "k"]
[BlackTitle "I"]
[WhiteElo "2233"]
[BlackElo "1925"]

1. d4 d5 2. c4 dxc4 3. Nf3 Nf6 4. e3 e6 5. Bxc4 c5 6. O-O a6 7. Qe2 b5 8. Bb3 Bb7
9. Rd1 Qb6 10. a4 Nbd7 11. Nc3 b4 12. a5 Qc7 13. Nb1 Ne4 14. Nbd2 Be7 15. Nc4
O-O 16. Nfe5 Nef6 17. Bd2 cxd4 18. exd4 Nxe5 19. Nxe5 Bd5 20. Ba4 Qb7 21. Bg5
Rfd8 22. Bc2 Re8 23. Re1 b3 24. Bd3 g6 25. f3 Nh5 26. Be3 Bb4 27. Rec1 Rec8 28.
Rxc8+ Qxc8 29. Nc4 Ra7 30. Nb6 Qd8 31. Nxd5 exd5 32. g4 Ng7 33. f4 Ne6 34. f5
Ng5 35. fxg6 fxg6 36. Rf1 Rf7 37. Rxf7 Nxf7 38. Bxa6 Bxa5 39. Bb7 Qd7 40. Ba8
Qe6 41. Qf3 Bc3 42. Bxd5 Qe7 43. bxc3 b2 44. Ba2 Kg7 45. h4 Nd6 46. h5 g5 47.
Bb1 Nc4 48. h6+ Kh8 49. Bxg5 Qe1+ 50. Kg2 1-0

[Event "65 Otwarte Mistrzostwa Woj. Kujawsko-Pomorskiego - Grupa A (Fide od 1700)"]
[Site "Szubin, ul. Kcynska 13 (Szubinski Dom Kultury)"]
[Date "2012-08-15"]
[Round "1.3"]
[White "Mlodzinska, Irena"]
[Black "Zolnierowicz, Krzysztof"]
[Result "0-1"]
[WhiteTitle "I+"]
[BlackTitle "IM"]
[WhiteElo "1916"]
[BlackElo "2198"]

1. e4 d5 2. exd5 Nf6 3. d4 Nxd5 4. Bc4 Nb6 5. Bb3 Nc6 6. Ne2 Bg4 7. f3 Bf5 8. Be3
e6 9. O-O Na5 10. Nd2 Nxb3 11. axb3 Be7 12. Ne4 O-O 13. N4g3 Bg6 14. c4 c6 15.
Qd2 a6 16. Nf4 Qc7 17. Nxg6 hxg6 18. Ne4 Rfd8 19. Qf2 Nd7 20. Rfd1 Rdc8 21. g3
Nf6 22. Kg2 Nxe4 23. fxe4 c5 24. Rf1 Rf8 25. dxc5 Qc6 26. Qf3 Bxc5 27. Bxc5 Qxc5
28. Rad1 Qc7 29. Rd2 Rfd8 30. Rfd1 Rxd2+ 31. Rxd2 Rd8 32. Rxd8+ Qxd8 33. e5 Qc7
34. Qe3 Qc6+ 35. Qf3 Qxf3+ 36. Kxf3 g5 37. Ke4 f5+ 38. Ke3 a5 39. Kd4 Kf7 40.
h3 Ke7 41. c5 Kd7 42. b4 axb4 43. b3 Kc6 44. g4 f4 45. Ke4 Kxc5 46. h4 gxh4 47.
Kxf4 Kd4 48. Kg5 h3 49. Kg6 h2 50. Kxg7 h1=Q 0-1

[Event "65 Otwarte Mistrzostwa Woj. Kujawsko-Pomorskiego - Grupa A (Fide od 1700)"]
[Site "Szubin, ul. Kcynska 13 (Szubinski Dom Kultury)"]
[Date "2012-08-15"]
[Round "1.4"]
[White "Bokiej, Przemyslaw"]
[Black "Maksimenko, Andrei Jr"]
[Result "1-0"]
[WhiteTitle "I++"]
[BlackTitle "I"]
[WhiteElo "2193"]
[BlackElo "1890"]

1. e4 c5 2. Nf3 e6 3. b3 d6 4. Bb2 Nf6 5. e5 dxe5 6. Nxe5 Bd6 7. Be2 O-O 8. Bf3
Qc7 9. Nc4 Be7 10. Ne5 Nbd7 11. Qe2 Nd5 12. Nxd7 Bxd7 13. O-O Bf6 14. Bxf6 Nxf6
15. d3 Bc6 16. Nd2 Rfd8 17. Rae1 Bd5 18. Be4 Qa5 19. a4 Bxe4 20. Nxe4 Nxe4 21.
Qxe4 Qc3 22. Re2 b6 23. Kh1 Qd4 24. Qf3 Qd5 25. Qg3 Qd4 26. f4 Rd5 27. Qf3 Rad8
28. Re4 Qc3 29. Qe2 g6 30. Re3 Rd4 31. g4 Qb4 32. Ref3 c4 33. dxc4 Rd2 34. Qe4
R8d4 35. Qe3 Qd6 36. R3f2 Rxf2 37. Rxf2 f5 38. gxf5 exf5 39. Kg2 Re4 40. Qd3 Rd4
41. Qf3 Re4 42. h4 Kg7 43. h5 Kf7 44. a5 bxa5 45. h6 Ke7 46. Qd3 Rxf4 47. Qxd6+
1-0

[Event "65 Otwarte Mistrzostwa Woj. Kujawsko-Pomorskiego - Grupa A (Fide od 1700)"]
[Site "Szubin, ul. Kcynska 13 (Szubinski Dom Kultury)"]
[Date "2012-08-15"]
[Round "1.5"]
[White "Lech, Piotr"]
[Black "Olszewski, Marek"]
[Result "0-1"]
[WhiteTitle "I"]
[BlackTitle "k+"]
[WhiteElo "1886"]
[BlackElo "2084"]

1. d4 Nf6 2. c4 d6 3. Nc3 e5 4. dxe5 dxe5 5. Qxd8+ Kxd8 6. Bg5 c6 7. O-O-O Kc7
8. Nf3 Nbd7 9. Bxf6 gxf6 10. e3 a5 11. Be2 Nc5 12. h3 Be6 13. g4 a4 14. Nd2 f5
15. e4 f4 16. Nf3 f6 17. Nh4 Nd7 18. Nf5 Bc5 19. Ng7 Bf7 20. f3 Nb6 21. b3 axb3
22. axb3 Bd4 23. Kc2 Ra3 24. Nf5 Bxc3 25. Kxc3 Na4+ 26. Kb4 Ra2 27. bxa4 Ra8 28.
Nd6 R8xa4+ 29. Kb3 R4a3+ 30. Kb4 b6 31. Nb7 Ra4+ 32. Kc3 c5 33. Rb1 Rxe2 34. Rhd1
Rxc4+ 0-1

[Event "65 Otwarte Mistrzostwa Woj. Kujawsko-Pomorskiego - Grupa A (Fide od 1700)"]
[Site "Szubin, ul. Kcynska 13 (Szubinski Dom Kultury)"]
[Date "2012-08-15"]
[Round "1.6"]
[White "Rak, Tomasz"]
[Black "Zielinski, Olgierd"]
[Result "1-0"]
[WhiteTitle "k"]
[BlackTitle "I"]
[WhiteElo "2066"]
[BlackElo "1851"]

1. d4 d5 2. Nf3 Nf6 3. Bf4 c5 4. e3 Qb6 5. Qc1 Nc6 6. c3 Bf5 7. Nh4 g6 8. Nxf5
gxf5 9. Bd3 e6 10. Nd2 Rc8 11. Qb1 Ne4 12. Nf3 Bg7 13. O-O h5 14. Re1 Bf6 15.
Re2 Ke7 16. Qf1 Rcg8 17. Kh1 Rg6 18. Ng1 c4 19. Bc2 Bg5 20. f3 Nf6 21. Nh3 Bxf4
22. Nxf4 Rg5 23. e4 fxe4 24. fxe4 dxe4 25. Bxe4 Nxe4 26. Rxe4 Nd8 27. Qxc4 Qxb2
28. Rae1 Rhg8 29. Qc7+ Kf6 30. R4e2 Qb6 31. Qc4 Qc6 32. Qd3 Rf5 33. d5 exd5 34.
Rf2 Kg5 35. Nh3+ 1-0

[Event "65 Otwarte Mistrzostwa Woj. Kujawsko-Pomorskiego - Grupa A (Fide od 1700)"]
[Site "Szubin, ul. Kcynska 13 (Szubinski Dom Kultury)"]
[Date "2012-08-15"]
[Round "1.7"]
[White "Zebracki, Jaroslaw"]
[Black "Szczepaniec, Stanislaw"]
[Result "1-0"]
[WhiteTitle "II"]
[BlackTitle "k"]
[WhiteElo "1838"]
[BlackElo "2052"]

1. e4 c5 2. Nf3 Nc6 3. c3 Nf6 4. Bd3 d6 5. Bc2 Bg4 6. d3 b5 7. O-O e6 8. Qe2 Rb8
9. Be3 Ne5 10. Nbd2 Qc7 11. Rac1 Be7 12. d4 Bxf3 13. Nxf3 Nc4 14. Bb1 O-O 15.
Bg5 h6 16. Bh4 Nh5 17. e5 Nf4 18. Qc2 g6 19. Bg3 Nh5 20. exd6 Bxd6 21. Nh4 Bxg3
22. hxg3 Nxg3 23. fxg3 Qxg3 24. Qf2 Qxf2+ 25. Rxf2 cxd4 26. cxd4 Rbd8 27. Nf3
g5 28. Bd3 g4 29. Bxc4 bxc4 30. Ne5 Rxd4 31. Rxc4 Rxc4 32. Nxc4 f5 33. Re2 Kf7
34. Kf2 Kf6 35. Kg3 h5 36. Ne5 Rd8 37. Nc6 Rd3+ 38. Kh4 f4 39. Kxh5 Rd6 40. Rc2
g3 41. Kg4 e5 42. Nxa7 Kf7 43. Kf5 Ra6 44. Rc7+ Ke8 45. Kxe5 f3 46. gxf3 g2 47.
Rg7 Rxa7 48. Rxg2 Rxa2 49. f4 1-0

[Event "65 Otwarte Mistrzostwa Woj. Kujawsko-Pomorskiego - Grupa A (Fide od 1700)"]
[Site "Szubin, ul. Kcynska 13 (Szubinski Dom Kultury)"]
[Date "2012-08-15"]
[Round "1.8"]
[White "Sliwicki, Damian"]
[Black "Haja, Jacek"]
[Result "1-0"]
[WhiteTitle "I"]
[BlackTitle "II"]
[WhiteElo "1994"]
[BlackElo "1772"]

1. e4 e5 2. Nf3 Nc6 3. Bc4 Nf6 4. d4 exd4 5. O-O d6 6. Nxd4 Nxd4 7. Qxd4 Be7 8.
Nc3 O-O 9. Bg5 Be6 10. Rad1 h6 11. Bh4 Nd7 12. Bxe7 Qxe7 13. Nd5 Qd8 14. f4 Nb6
15. Nxb6 axb6 16. Rf3 Bxc4 17. Rg3 f6 18. Qxc4+ Kh8 19. e5 fxe5 20. fxe5 Qe7 21.
exd6 cxd6 22. c3 Rae8 23. h3 Qe5 24. Qg4 Rf4 25. Qd7 Re4 26. Qxd6 Re1+ 27. Rxe1
Qxd6 28. Rxe8+ Kh7 29. Rge3 Qg6 30. Re1 Qc2 31. R8e2 Qf5 32. a3 Qc5+ 33. Kh1 Qb5
34. Rf2 Kg8 35. Rd1 Kh7 36. Re1 Qb3 37. Kh2 Qb5 38. g3 Qb3 39. h4 Qb5 40. Re7
Qd5 41. Rff7 Qd2+ 42. Kh3 Qxb2 43. Rxg7+ Kh8 44. Rh7+ Kg8 45. Reg7+ Kf8 46. Rxb7
Kg8 47. Rhc7 1-0

[Event "65 Otwarte Mistrzostwa Woj. Kujawsko-Pomorskiego - Grupa A (Fide od 1700)"]
[Site "Szubin, ul. Kcynska 13 (Szubinski Dom Kultury)"]
[Date "2012-08-15"]
[Round "1.9"]
[White "Karpus, Michal"]
[Black "Zebracki, Tomasz"]
[Result "0-1"]
[WhiteTitle "II"]
[BlackTitle "I"]
[WhiteElo "1698"]
[BlackElo "1942"]

1. e4 e6 2. d3 c5 3. Nd2 Nc6 4. g3 g6 5. Bg2 Bg7 6. Ngf3 Nge7 7. O-O O-O 8. c3
d6 9. Nb3 a5 10. a4 b6 11. Qe2 Ba6 12. Rd1 Re8 13. Be3 d5 14. Qc2 d4 15. Bc1 Rc8
16. c4 Rc7 17. Qe2 e5 18. Rf1 Bc8 19. Nh4 f5 20. f4 Rf8 21. exf5 Nxf5 22. Nxf5
Bxf5 23. Bd5+ Kh8 24. Be4 Nb4 25. fxe5 Bxe4 26. Rxf8+ Qxf8 27. Qxe4 Qf5 28. Bg5
Bxe5 29. Qxf5 gxf5 30. Re1 Nxd3 31. Rxe5 Nxe5 32. Bf6+ Kg8 33. Bxe5 Re7 34. Bf4
Re1+ 35. Kf2 Rh1 36. Kg2 Rb1 37. Bc1 d3 38. Bf4 Rxb2+ 39. Nd2 b5 40. axb5 a4 41.
Kf3 a3 42. Ke3 a2 43. Nb3 d2 44. Ke2 Rxb3 45. Be5 Re3+ 0-1

[Event "65 Otwarte Mistrzostwa Woj. Kujawsko-Pomorskiego - Grupa A (Fide od 1700)"]
[Site "Szubin, ul. Kcynska 13 (Szubinski Dom Kultury)"]
[Date "2012-08-15"]
[Round "2.1"]
[White "Khamitskiy, Sergei"]
[Black "Rak, Tomasz"]
[Result "1-0"]
[WhiteTitle "IM"]
[BlackTitle "k"]
[WhiteElo "2273"]
[BlackElo "2066"]

1. d4 d5 2. c4 e6 3. g3 c6 4. Bg2 Bd6 5. Qc2 f5 6. Nh3 Nf6 7. O-O O-O 8. Bf4 Kh8
9. Nd2 Nh5 10. Bxd6 Qxd6 11. Nf3 Nd7 12. e3 Nhf6 13. Nf4 Ng4 14. h3 Nh6 15. Rab1
Rg8 16. Nd3 Nf7 17. b4 g5 18. Qc3 dxc4 19. Qxc4 g4 20. hxg4 fxg4 21. Nd2 Ng5 22.
Ne4 Nxe4 23. Bxe4 Rg5 24. b5 Nb6 25. Qc2 cxb5 26. Ne5 Kg7 27. Rxb5 Qe7 28. Rc5
Bd7 29. Bxb7 Ba4 30. Rc7 Bxc2 31. Rxe7+ Kf8 32. Rxe6 Re8 33. Rxe8+ Kxe8 34. Rc1
1-0

[Event "65 Otwarte Mistrzostwa Woj. Kujawsko-Pomorskiego - Grupa A (Fide od 1700)"]
[Site "Szubin, ul. Kcynska 13 (Szubinski Dom Kultury)"]
[Date "2012-08-15"]
[Round "2.2"]
[White "Zebracki, Tomasz"]
[Black "Jaroch, Pawel"]
[Result "0-1"]
[WhiteTitle "I"]
[BlackTitle "k"]
[WhiteElo "1942"]
[BlackElo "2233"]

1. d4 c5 2. e4 cxd4 3. Nf3 d6 4. Nxd4 Nf6 5. Nc3 Nc6 6. Bc4 e6 7. Be3 a6 8. f3
Qc7 9. Bb3 Na5 10. Ba4+ Nd7 11. Qe2 Be7 12. O-O-O O-O 13. h4 b5 14. Bb3 Nc5 15.
Qf2 Bd7 16. e5 dxe5 17. Nf5 Naxb3+ 18. axb3 Nxb3+ 19. Kb1 Bd8 20. Nh6+ Kh8 21.
cxb3 gxh6 22. Bc5 Rg8 23. Bd6 Qb7 24. Bxe5+ f6 25. Bf4 e5 26. Bxh6 Be6 27. Ne4
Be7 28. Rd3 a5 29. g4 Bxg4 30. Rg1 Bf5 31. Rxg8+ Rxg8 32. Ka2 a4 33. Nd6 axb3+
34. Kxb3 Be6+ 35. Kb4 Qa6 36. Qc5 Rc8 37. Nf7+ Bxf7 38. Rd8+ Rxd8 39. Qxe7 Rd4+
40. Kc5 Rc4# 0-1

[Event "65 Otwarte Mistrzostwa Woj. Kujawsko-Pomorskiego - Grupa A (Fide od 1700)"]
[Site "Szubin, ul. Kcynska 13 (Szubinski Dom Kultury)"]
[Date "2012-08-15"]
[Round "2.3"]
[White "Zolnierowicz, Krzysztof"]
[Black "Sliwicki, Damian"]
[Result "1-0"]
[WhiteTitle "IM"]
[BlackTitle "I"]
[WhiteElo "2198"]
[BlackElo "1994"]

1. Nf3 Nf6 2. g3 d5 3. Bg2 g6 4. O-O Bg7 5. d3 O-O 6. Nbd2 c5 7. e4 dxe4 8. dxe4
Nc6 9. c3 Qc7 10. Re1 b6 11. e5 Nd5 12. e6 f5 13. Ng5 Nf6 14. Nc4 Bb7 15. Bf4
Qc8 16. Qb3 Na5 17. Nxa5 Bxg2 18. Kxg2 bxa5 19. Rad1 h6 20. Nf7 g5 21. Bc1 Qc6+
22. Kg1 Qf3 23. Qc2 Rfe8 24. Ne5 Qh5 25. Qxf5 Rad8 26. Nd7 Ng4 27. Qf7+ Qxf7 28.
exf7+ Kxf7 29. Nxc5 Ne5 30. Kg2 Rc8 31. Rd5 Rxc5 32. Rexe5 Rc7 33. Re4 e5 34.
Rxa5 Rd8 35. Rea4 Rd1 36. Rxa7 Rxa7 37. Rxa7+ Kg6 38. Be3 e4 39. a4 g4 40. a5
Kh5 41. a6 Ra1 42. b4 Bxc3 43. b5 Ba5 44. Rd7 Bb4 45. a7 Bd6 46. b6 Bf8 47. b7
Bg7 48. b8=Q 1-0

[Event "65 Otwarte Mistrzostwa Woj. Kujawsko-Pomorskiego - Grupa A (Fide od 1700)"]
[Site "Szubin, ul. Kcynska 13 (Szubinski Dom Kultury)"]
[Date "2012-08-15"]
[Round "2.4"]
[White "Kroczka, Gromoslaw"]
[Black "Bokiej, Przemyslaw"]
[Result "0-1"]
[WhiteTitle "II"]
[BlackTitle "I++"]
[WhiteElo "1571"]
[BlackElo "2193"]

1. e4 e6 2. d4 d5 3. exd5 exd5 4. Bd3 c5 5. dxc5 Bxc5 6. Nf3 Nf6 7. O-O O-O 8.
Bg5 h6 9. Bh4 Bg4 10. h3 Be6 11. Nbd2 Nbd7 12. Nb3 Bd6 13. Bg3 Bxg3 14. fxg3 Re8
15. c3 Ne4 16. g4 a5 17. a3 Qb6+ 18. Nfd4 a4 19. Nd2 Qxb2 20. Nxe4 dxe4 21. Bxe4
Bc4 22. Rf2 Qxc3 23. Bxb7 Ra7 24. Bc6 Bd3 25. Nb5 Bxb5 26. Bxb5 Re7 27. Bxa4 Rxa4
28. Qxa4 Qxa1+ 29. Rf1 Qe5 30. Qa8+ Re8 31. Qc6 Nf6 32. Rf5 Qd4+ 33. Kh1 Re1+
34. Kh2 Qg1+ 35. Kg3 Qe3+ 36. Kh2 Qg1+ 37. Kg3 Ne4+ 38. Kh4 g5+ 39. Kh5 Ng3+ 40.
Kxh6 Nxf5+ 41. gxf5 Qe3 42. g4 Qxh3+ 43. Kxg5 Qe3+ 44. Kf6 Qh6# 0-1

[Event "65 Otwarte Mistrzostwa Woj. Kujawsko-Pomorskiego - Grupa A (Fide od 1700)"]
[Site "Szubin, ul. Kcynska 13 (Szubinski Dom Kultury)"]
[Date "2012-08-15"]
[Round "2.5"]
[White "Olszewski, Marek"]
[Black "Zebracki, Jaroslaw"]
[Result "0-1"]
[WhiteTitle "k+"]
[BlackTitle "II"]
[WhiteElo "2084"]
[BlackElo "1838"]

1. e4 d5 2. Nc3 dxe4 3. Nxe4 Nf6 4. Ng3 e5 5. Bc4 Bc5 6. d3 Nc6 7. Nf3 O-O 8. O-O
Be6 9. Bxe6 fxe6 10. Qe2 Nd4 11. Nxd4 Bxd4 12. c3 Bb6 13. Be3 Qd5 14. a4 Rad8
15. Rfd1 Bxe3 16. fxe3 Rd7 17. d4 Rfd8 18. b4 Qb3 19. Re1 Nd5 20. Ne4 exd4 21.
exd4 Nf4 22. Qg4 Rf7 23. Rf1 Qb2 24. Rae1 h5 25. Qf3 Rdf8 26. Rf2 Qb3 27. h3 Qc4
28. Rd1 Qd5 29. Re1 Qc4 30. Qg3 Qd3 31. Re3 Qd1+ 32. Kh2 Nd5 33. Rxf7 Rxf7 34.
Re1 Qxa4 35. Ng5 Re7 36. Qf3 Qe8 37. Qe4 Nf6 38. Qxb7 c5 39. Qa6 Qb8+ 40. Kh1
Qg3 41. Nf3 Ng4 42. Re2 Nf2+ 43. Kg1 Nxh3+ 44. Kh1 Nf4 45. Rd2 cxb4 46. cxb4 h4
47. Qc8+ Kh7 48. Qd8 h3 49. Nh4 Qxh4 50. Rd1 hxg2+ 51. Kg1 Qg3 0-1

[Event "65 Otwarte Mistrzostwa Woj. Kujawsko-Pomorskiego - Grupa A (Fide od 1700)"]
[Site "Szubin, ul. Kcynska 13 (Szubinski Dom Kultury)"]
[Date "2012-08-15"]
[Round "2.6"]
[White "Szczepaniec, Stanislaw"]
[Black "Maksimenko, Andrei Jr"]
[Result "1-0"]
[WhiteTitle "k"]
[BlackTitle "I"]
[WhiteElo "2052"]
[BlackElo "1890"]

1. Nf3 Nf6 2. c4 c5 3. Nc3 d5 4. cxd5 Nxd5 5. g3 Nc6 6. Bg2 Nc7 7. d3 e5 8. O-O
Be7 9. Nd2 Be6 10. Bxc6+ bxc6 11. Qa4 Qd7 12. Nc4 f6 13. f4 exf4 14. Bxf4 Nd5
15. Rad1 O-O 16. Bc1 Nb6 17. Qc2 Bh3 18. Rf2 Rad8 19. Ne4 Qd5 20. b3 f5 21. Ng5
Bxg5 22. Bxg5 Rde8 23. a4 f4 24. Bxf4 Rxf4 25. gxf4 Re6 26. e4 Rg6+ 27. Kh1 Qh5
28. Ne5 Rf6 29. Rg1 Nd7 30. Nxd7 Bxd7 31. f5 g6 32. Qxc5 a6 33. Qe5 Qh4 34. Qg3
Qh6 35. Qg5 Qf8 36. Qh4 Kh8 37. fxg6 1-0

[Event "65 Otwarte Mistrzostwa Woj. Kujawsko-Pomorskiego - Grupa A (Fide od 1700)"]
[Site "Szubin, ul. Kcynska 13 (Szubinski Dom Kultury)"]
[Date "2012-08-15"]
[Round "2.7"]
[White "Zielinski, Olgierd"]
[Black "Szybowicz, Piotr"]
[Result "1-0"]
[WhiteTitle "I"]
[BlackTitle "I"]
[WhiteElo "1851"]
[BlackElo "1925"]

1. e4 c5 2. Nf3 Nc6 3. d4 cxd4 4. Nxd4 Nf6 5. Nc3 e5 6. Ndb5 d6 7. Bg5 a6 8. Na3
b5 9. Nd5 Qa5+ 10. Bd2 Qd8 11. Bd3 Nxd5 12. exd5 Ne7 13. c4 bxc4 14. Nxc4 Ng6
15. Ba5 Qg5 16. Nb6 Qxg2 17. Qa4+ Ke7 18. Be4 Qg4 19. Nxa8 Bf5 20. f3 Qh4+ 21.
Kd1 Kf6 22. Nb6 Qf2 23. Qc2 Qd4+ 24. Qd2 Qc5 1-0

[Event "65 Otwarte Mistrzostwa Woj. Kujawsko-Pomorskiego - Grupa A (Fide od 1700)"]
[Site "Szubin, ul. Kcynska 13 (Szubinski Dom Kultury)"]
[Date "2012-08-15"]
[Round "2.8"]
[White "Konieczynski, Piotr"]
[Black "Lech, Piotr"]
[Result "1-0"]
[WhiteTitle "I"]
[BlackTitle "I"]
[WhiteElo "1925"]
[BlackElo "1886"]

1. d4 d5 2. c4 e6 3. Nf3 Nf6 4. Nc3 Be7 5. Bf4 O-O 6. e3 c5 7. dxc5 Bxc5 8. cxd5
Nxd5 9. Nxd5 exd5 10. a3 Nc6 11. Bd3 Bg4 12. Bxh7+ Kh8 13. Bc2 d4 14. Qd3 g6 15.
e4 Re8 16. O-O f5 17. e5 Bxf3 18. Qxf3 Nxe5 19. Qh3+ Kg8 20. Bb3+ Nf7 21. Bxf7+
Kxf7 22. Qh7+ Kf6 23. h4 Qb6 24. Rae1 Re4 25. h5 gxh5 26. Qh6+ Kf7 27. Qh7+ Kf6
28. Rxe4 fxe4 29. Qxe4 Qe6 30. Qxb7 Rg8 31. Rc1 Rg7 32. Qf3 Qf5 33. Be5+ 1-0

[Event "65 Otwarte Mistrzostwa Woj. Kujawsko-Pomorskiego - Grupa A (Fide od 1700)"]
[Site "Szubin, ul. Kcynska 13 (Szubinski Dom Kultury)"]
[Date "2012-08-15"]
[Round "2.9"]
[White "Haja, Jacek"]
[Black "Mlodzinska, Irena"]
[Result "1/2-1/2"]
[WhiteTitle "II"]
[BlackTitle "I+"]
[WhiteElo "1772"]
[BlackElo "1916"]

1. e4 c5 2. Nc3 d6 3. g3 Nc6 4. Bg2 g6 5. f4 Bg7 6. d3 Bd7 7. Nf3 Rb8 8. a4 a6
9. O-O Nf6 10. h3 h5 11. Qe2 Nd4 12. Nxd4 cxd4 13. Nd5 Nxd5 14. exd5 Qc8 15. Kh2
Bf6 16. b3 Kf8 17. Bb2 Bf5 18. Qf2 Qc5 19. Rfe1 Rc8 20. Re2 Rd8 21. Rae1 Rg8 22.
h4 b6 23. Ra1 1/2-1/2

[Event "65 Otwarte Mistrzostwa Woj. Kujawsko-Pomorskiego - Grupa A (Fide od 1700)"]
[Site "Szubin, ul. Kcynska 13 (Szubinski Dom Kultury)"]
[Date "2012-08-15"]
[Round "3.1"]
[White "Bokiej, Przemyslaw"]
[Black "Khamitskiy, Sergei"]
[Result "1/2-1/2"]
[WhiteTitle "I++"]
[BlackTitle "IM"]
[WhiteElo "2193"]
[BlackElo "2273"]

1. e4 e6 2. d4 d5 3. Nd2 Nf6 4. e5 Nfd7 5. Bd3 c5 6. c3 Nc6 7. Ne2 cxd4 8. cxd4
f6 9. exf6 Qxf6 10. Nf3 h6 11. O-O Bd6 12. Ng3 O-O 13. Bc2 Rf7 14. Qd3 Nf8 15.
a3 Bd7 16. Be3 Be8 17. Qd2 Rc7 18. Rac1 Rac8 19. Ne1 Bg6 20. Ne2 Bxc2 21. Rxc2
Ng6 22. Nf3 Qf5 23. Rcc1 Rf8 24. Ng3 Qf7 25. Rcd1 Nce7 26. Rc1 Nc6 27. Rcd1 Nge7
28. Rc1 Nf5 29. Rcd1 Nfe7 30. Rc1 a6 31. Rfe1 Ng6 32. Rcd1 Rfc8 33. Qe2 Nf8 34.
Qd2 Ne7 35. Rc1 Nf5 36. Rxc7 Rxc7 37. Ne2 1/2-1/2

[Event "65 Otwarte Mistrzostwa Woj. Kujawsko-Pomorskiego - Grupa A (Fide od 1700)"]
[Site "Szubin, ul. Kcynska 13 (Szubinski Dom Kultury)"]
[Date "2012-08-15"]
[Round "3.2"]
[White "Jaroch, Pawel"]
[Black "Zolnierowicz, Krzysztof"]
[Result "1-0"]
[WhiteTitle "k"]
[BlackTitle "IM"]
[WhiteElo "2233"]
[BlackElo "2198"]

1. d4 Nf6 2. c4 e6 3. Nf3 Bb4+ 4. Bd2 c5 5. Bxb4 cxb4 6. g3 O-O 7. Bg2 d6 8. O-O
Qe7 9. Nbd2 e5 10. e4 Bg4 11. d5 Nfd7 12. Qb3 a5 13. a3 Nc5 14. Qe3 bxa3 15. Rxa3
Ra6 16. Rfa1 Qc7 17. Nh4 h6 18. h3 Bc8 19. Kh2 Kh7 20. Nf5 Bxf5 21. exf5 Nbd7
22. Be4 a4 23. g4 Qd8 24. Bc2 Nb6 25. Kg3 Qg5 26. h4 Qxe3+ 27. fxe3 Rc8 28. Rc3
Nbd7 29. g5 Rb6 30. g6+ Kg8 31. gxf7+ Kxf7 32. Ra2 1-0

[Event "65 Otwarte Mistrzostwa Woj. Kujawsko-Pomorskiego - Grupa A (Fide od 1700)"]
[Site "Szubin, ul. Kcynska 13 (Szubinski Dom Kultury)"]
[Date "2012-08-15"]
[Round "3.3"]
[White "Zebracki, Jaroslaw"]
[Black "Zebracki, Tomasz"]
[Result "0-1"]
[WhiteTitle "II"]
[BlackTitle "I"]
[WhiteElo "1838"]
[BlackElo "1942"]

1. d4 d5 2. Nc3 Nf6 3. Bg5 Bf5 4. f3 c5 5. g4 Bg6 6. e3 e6 7. Bb5+ Nc6 8. Nge2
h5 9. Nf4 hxg4 10. Nxg6 fxg6 11. fxg4 Bd6 12. Qe2 Qc7 13. Bd3 O-O-O 14. Nb5 Qa5+
15. c3 Bg3+ 16. Kd2 c4 17. Bxf6 Qxb5 18. Bxd8 Qxb2+ 19. Bc2 Nb4 20. cxb4 c3+ 21.
Kd3 Qxb4 22. Bd1 e5 23. dxe5 Bxe5 24. Kc2 Qe4+ 25. Qd3 Qxh1 26. Ba5 Rxh2+ 27.
Kb3 Rb2+ 28. Ka4 b5+ 0-1

[Event "65 Otwarte Mistrzostwa Woj. Kujawsko-Pomorskiego - Grupa A (Fide od 1700)"]
[Site "Szubin, ul. Kcynska 13 (Szubinski Dom Kultury)"]
[Date "2012-08-15"]
[Round "3.4"]
[White "Konieczynski, Piotr"]
[Black "Olszewski, Marek"]
[Result "1/2-1/2"]
[WhiteTitle "I"]
[BlackTitle "k+"]
[WhiteElo "1925"]
[BlackElo "2084"]

1. d4 Nf6 2. Nf3 d6 3. c4 Nbd7 4. Nc3 e5 5. e4 Be7 6. Be2 O-O 7. O-O Re8 8. d5
Rf8 9. Nd2 Ne8 10. Rb1 g6 11. b4 f5 12. Nb3 Bg5 13. c5 Bxc1 14. Rxc1 Ndf6 15.
cxd6 cxd6 16. Nd2 fxe4 17. Ndxe4 Nxe4 18. Nxe4 Bf5 19. Ng3 Nf6 20. a3 Qb6 21.
Qd2 Bd7 22. Bf3 Rac8 23. Ne4 Nxe4 24. Bxe4 Bb5 25. Rfe1 Bd7 26. g3 Bh3 27. Bg2
Bf5 28. h4 Bg4 29. a4 Rxc1 30. Rxc1 Rc8 31. Rxc8+ Bxc8 32. Qg5 Bf5 33. h5 Kf7
34. g4 Bd3 35. Qh6 Kg8 36. Qg5 Kf7 37. Qh6 Kg8 38. Qg5 Kf7 39. Qh6 1/2-1/2

[Event "65 Otwarte Mistrzostwa Woj. Kujawsko-Pomorskiego - Grupa A (Fide od 1700)"]
[Site "Szubin, ul. Kcynska 13 (Szubinski Dom Kultury)"]
[Date "2012-08-15"]
[Round "3.5"]
[White "Rak, Tomasz"]
[Black "Karpus, Michal"]
[Result "1-0"]
[WhiteTitle "k"]
[BlackTitle "II"]
[WhiteElo "2066"]
[BlackElo "1698"]

1. d4 Nf6 2. Nf3 g6 3. c4 Bg7 4. Nc3 O-O 5. e4 d6 6. h3 e5 7. d5 c6 8. Bd3 Na6
9. g4 cxd5 10. cxd5 Nc5 11. Bc2 a5 12. Be3 Qc7 13. Nd2 Bd7 14. f3 b5 15. Rc1 Rfc8
16. Kf2 a4 17. Nf1 b4 18. Ne2 Bb5 19. Bb1 Nfd7 20. Qd2 Qa5 21. Bh6 Bxe2 22. Kxe2
Qb5+ 23. Kf2 Bxh6 24. Qxh6 Nd3+ 25. Bxd3 Qxd3 26. Rc6 Rxc6 27. dxc6 Qc2+ 28. Kg3
Qxc6 29. Ne3 Nf6 30. h4 d5 31. exd5 Nxd5 32. h5 Ra7 33. Qg5 Qf6 34. Qxf6 Nxf6
35. h6 Kf8 36. Rc1 Ke7 37. Rc8 Nd7 38. Rh8 Ke6 39. Rxh7 Ra8 40. g5 b3 41. axb3
axb3 42. Rg7 Rh8 43. Nc4 Nf8 44. Kg4 f6 45. Rb7 fxg5 46. Kxg5 Nd7 47. Rxb3 Kd5
48. Nb6+ Nxb6 49. Rxb6 Rf8 50. h7 1-0

[Event "65 Otwarte Mistrzostwa Woj. Kujawsko-Pomorskiego - Grupa A (Fide od 1700)"]
[Site "Szubin, ul. Kcynska 13 (Szubinski Dom Kultury)"]
[Date "2012-08-15"]
[Round "3.6"]
[White "Zielinski, Olgierd"]
[Black "Szczepaniec, Stanislaw"]
[Result "1/2-1/2"]
[WhiteTitle "I"]
[BlackTitle "k"]
[WhiteElo "1851"]
[BlackElo "2052"]

1. e4 c5 2. Nf3 Nc6 3. d4 cxd4 4. Nxd4 g6 5. c4 Bg7 6. Be3 Nf6 7. Nc3 d6 8. Be2
O-O 9. O-O Bd7 10. Rc1 Nxd4 11. Bxd4 Bc6 12. f3 Nd7 13. Bxg7 Kxg7 14. Qd4+ Kg8
15. b3 Qa5 16. f4 a6 17. Rc2 Rfc8 18. Bg4 Rc7 19. Bxd7 Rxd7 20. Nd5 Bxd5 21. cxd5
e6 22. dxe6 fxe6 23. Rd1 Rf8 24. g3 Qd8 25. Rcd2 Qe7 26. Qb4 Rfd8 27. a4 Kf7 28.
Kf2 h5 29. Kf3 Kg7 30. h3 Kh6 31. e5 d5 32. Qxe7 Rxe7 33. Rc1 g5 34. Rdc2 gxf4
35. g4 hxg4+ 36. hxg4 d4 37. Rh2+ Kg6 38. Rch1 d3 39. Rh6+ Kf7 40. Rh7+ Ke8 41.
Rh8+ Kd7 42. Rxd8+ Kxd8 43. Kxf4 Rd7 44. Ke4 d2 45. Rd1 Ke7 46. Ke3 Rd5 47. Rxd2
Rxe5+ 48. Kf4 Re1 49. g5 Rf1+ 50. Kg4 e5 51. Rg2 Ke6 52. Rg3 e4 53. g6 Kf6 54.
g7 Kxg7 55. Re3 Rb1 56. Kf4 Kf7 57. Kxe4 Ke6 1/2-1/2